PEDIATRIC DENTISTRY (Record no. 3860)

MARC details
000 -LEADER
fixed length control field 00328nam a2200145Ia 4500
008 - FIXED-LENGTH DATA ELEMENTS--GENERAL INFORMATION
fixed length control field 150201s2006 xx 000 0 und d
082 ## - DEWEY DECIMAL CLASSIFICATION NUMBER
Classification number 617.645
Item number P2006M
100 ## - MAIN ENTRY--PERSONAL NAME
Personal name MUTHU
245 ## - TITLE STATEMENT
Title PEDIATRIC DENTISTRY
250 ## - EDITION STATEMENT
Edition statement 1ST
260 ## - PUBLICATION, DISTRIBUTION, ETC. (IMPRINT)
Name of publisher, distributor, etc. ELSEVIER
Place of publication, distribution, etc. DELHI
Date of publication, distribution, etc. 2006
300 ## - PHYSICAL DESCRIPTION
Extent 1-307
650 ## - SUBJECT ADDED ENTRY--TOPICAL TERM
Topical term or geographic name as entry element PEDODONTICS
942 ## - ADDED ENTRY ELEMENTS (KOHA)
Source of classification or shelving scheme Dewey Decimal Classification
Koha item type Books
Holdings
Withdrawn status Lost status Source of classification or shelving scheme Damaged status Not for loan Home library Current library Date acquired Source of acquisition Cost, normal purchase price Serial Enumeration / chronology SGTU Bill Number Total Checkouts Full call number Barcode Date last seen Bill Date Koha item type Date last checked out
    Dewey Decimal Classification     SGT Dental Library SGT Dental Library 16/01/2008 CIRCLE BOOKS 175.00 1 SGTU 1990   617.645 P2006M FD4789 17/12/2018 15/12/2012 Books  
    Dewey Decimal Classification     SGT Dental Library SGT Dental Library 03/07/2009 D.B.S.DELHI 695.00 1 SGTU 2463 3 617.645 P2009M FD5834 11/03/2017 23/02/2013 Books 07/03/2017